|
|
|
|
| LEADER |
02356nam a22004575i 4500 |
| 001 |
978-1-4614-3819-9 |
| 003 |
DE-He213 |
| 005 |
20151204190323.0 |
| 007 |
cr nn 008mamaa |
| 008 |
120423s2011 xxu| s |||| 0|eng d |
| 020 |
|
|
|a 9781461438199
|9 978-1-4614-3819-9
|
| 024 |
7 |
|
|a 10.1007/978-1-4614-3819-9
|2 doi
|
| 040 |
|
|
|d GrThAP
|
| 050 |
|
4 |
|a HF5410-5417.5
|
| 072 |
|
7 |
|a KJS
|2 bicssc
|
| 072 |
|
7 |
|a KJSM
|2 bicssc
|
| 072 |
|
7 |
|a BUS043000
|2 bisacsh
|
| 082 |
0 |
4 |
|a 658.8
|2 23
|
| 100 |
1 |
|
|a Hult, G. Tomas M.
|e author.
|
| 245 |
1 |
0 |
|a Boundary-Spanning Marketing Organization
|h [electronic resource] :
|b A Theory and Insights from 31 Organization Theories /
|c by G. Tomas M. Hult.
|
| 264 |
|
1 |
|a New York, NY :
|b Springer New York,
|c 2011.
|
| 300 |
|
|
|a VIII, 78 p. 1 illus.
|b online resource.
|
| 336 |
|
|
|a text
|b txt
|2 rdacontent
|
| 337 |
|
|
|a computer
|b c
|2 rdamedia
|
| 338 |
|
|
|a online resource
|b cr
|2 rdacarrier
|
| 347 |
|
|
|a text file
|b PDF
|2 rda
|
| 490 |
1 |
|
|a SpringerBriefs in Business,
|x 2191-5482 ;
|v 20
|
| 520 |
|
|
|a Now more than ever, marketing is assuming a key boundary-spanning role—a role that also redefined the composition of the marketing organization. In this Brief, the marketing organization’s integrative and mutually reinforcing components of marketing activities, customer value-creating processes, networks, and stakeholders are delineated within their boundary-spanning roles. Expanding upon his article published in the Journal of the Academy of Marketing Science in 2011, Tomas Hult draws thematic marketing insights from the integration of thirty-one organization theories to advance knowledge on the boundary-spanning marketing organization within four areas: strategic marketing resources, marketing leadership and decision making, network alliances and collaborations, and the domestic and global marketplace.
|
| 650 |
|
0 |
|a Business.
|
| 650 |
|
0 |
|a Marketing.
|
| 650 |
|
0 |
|a Management.
|
| 650 |
1 |
4 |
|a Business and Management.
|
| 650 |
2 |
4 |
|a Marketing.
|
| 650 |
2 |
4 |
|a Management.
|
| 710 |
2 |
|
|a SpringerLink (Online service)
|
| 773 |
0 |
|
|t Springer eBooks
|
| 776 |
0 |
8 |
|i Printed edition:
|z 9781461438182
|
| 830 |
|
0 |
|a SpringerBriefs in Business,
|x 2191-5482 ;
|v 20
|
| 856 |
4 |
0 |
|u http://dx.doi.org/10.1007/978-1-4614-3819-9
|z Full Text via HEAL-Link
|
| 912 |
|
|
|a ZDB-2-SBE
|
| 950 |
|
|
|a Business and Economics (Springer-11643)
|